000 00822cam a22002174a 4500
005 20250605163958.0
008 250528s ||||||||||||||||||||||||d
035 _a15537
020 _a025603074X
040 _aGR-AtMCL
_bgre
_dGR-AtMCL
_eAACR2
245 1 _aOperations Management / Productivity and Quality
250 _a2nd
260 _bBusiness Publications,
_c1985
300 _a782
505 0 _aIntroduction to Operations Management, Translating Demand into Planned Orders, Translating Planned Orders into Operations, Operations Support, Index.
520 _aIntroduction to Operations Management, Translating Demand into Planned Orders, Translating Planned Orders into Operations, Operations Support, Index.
700 1 _aSchonberger Richard J
_91077
942 _cBK
999 _c1112
_d1112